000 00803nam a2200229 a 4500
001 39237
003 BD-RjUL
005 20211209052940.0
008 160406b19951979bg o|||e |||| 000 0 ben d
020 _cTk. 75.00
035 _a(BD-RjUL)39349
040 _aBD-RjUL
_bben
_cBD-RjUL
041 _aben
082 _223
_aB 780.92
_bMAA 1995
100 _aমাহমুদ, আল
_9120987
245 1 0 _aআব্বাসউদ্দীন
_cআল মাহমুদ, সম্পাদক
260 _aঢাকা :
_bবাংলাদেশ শিল্পকলা একাডেমী,
_c১৯৯৫.
300 _a১৪৮ পৃ.:
_bচিত্র;
_c২২ সেমি.
650 _aসংগীত
_vজীবনী
_9120988
650 _aMusic
_vBiography
_9120989
942 _2ddc
_cBK
999 _c39237
_d39237